Santi patroni delle diocesi cattoliche italiane - Statistics

Statistiche generali
  • Questo quiz è stato fatto 108 volte
  • Il punteggio medio è 122 su 224
Statistiche sulle risposte
Regione ecclesiastica Diocesi Patroni % Corretto
Arcidiocesi di Cosenza-Bisignano Madonna del Pilerio / Francesco di Paola
97%
Arcidiocesi di Ravenna-Cervia Apollinare / Paterniano / Pietro Crisologo / Madonna Greca / Madonna del Pino
95%
Piemonte Arcidiocesi di Torino Giovanni Battista / Madonna Consolatrice
95%
Diocesi di Aversa Paolo apostolo / Sebastiano / Madonna di Casaluce
95%
Diocesi di Vigevano Ambrogio / Carlo / Madonna della Bozzola
93%
Diocesi di Arezzo-Cortona-Sansepolcro Giovanni apostolo / Donato / Margherita da Cortona / Madonna del Conforto
93%
Diocesi di Viterbo* Madonna della Quercia / Rosa / Lucia Filippini / Bonaventura
93%
Arcidiocesi di Foggia-Bovino Madonna dell'Iconavetere / Marco di Eca
93%
Diocesi di Latina-Terracina-Sezze-Priverno* Marco evangelista / Cesario / Lidano / Carlo da Sezze / Tommaso d'Aquino / Maria Goretti
93%
Lazio Diocesi di Ales-Terralba | Diocesi di Lamezia Terme | Diocesi di Roma Pietro apostolo / Paolo apostolo
93%
Diocesi di Montepulciano-Chiusi-Pienza Giovanni Battista / Andrea apostolo / Mustiola
92%
Arcidiocesi di Palermo Immacolata Concezione / Rosalia / Mamiliano
92%
Diocesi di Frosinone-Veroli-Ferentino* Maria Salome / Ambrogio martire
92%
Arcidiocesi di Messina-Lipari-Santa Lucia del Mela Madonna della Lettera / Bartolomeo apostolo / Lucia / Placido
90%
Arcidiocesi di Lanciano-Ortona Madonna del Ponte / Tommaso apostolo
90%
Diocesi di Trapani Madonna di Trapani / Alberto degli Abati
90%
Arcidiocesi di Reggio Calabria-Bova Paolo apostolo / Stefano di Nicea / Leo
90%
Diocesi di Cerreto Sannita-Telese-Sant'Agata de' Goti Antonio di Padova / Alfonso Maria de' Liguori / Madonna delle Grazie
89%
Diocesi di Noto Corrado Confalonieri / Madonna Scala del Paradiso
89%
Diocesi di Alghero-Bosa Emilio / Priamo / Madonna di Valverde / Michele arcangelo
89%
Diocesi di Foligno Feliciano / Madonna del Pianto
89%
Diocesi di Oppido Mamertina-Palmi Madonna Annunziata / Nicola di Bari
89%
Diocesi di Mileto-Nicotera-Tropea Madonna Assunta / Nicola di Bari
89%
Diocesi di Cuneo-Fossano Madonna della Provvidenza / Michele arcangelo / Dalmazzo / Giovenale
89%
Diocesi di Ferrara-Comacchio Madonna delle Grazie / Madonna in Aula Regia / Giorgio / Cassiano
89%
Diocesi di Cesena-Sarsina Madonna del Popolo / Vicinio / Mauro
89%
Diocesi di Lanusei Madonna del Rosario / Giorgio di Suelli
89%
Diocesi di Vicenza Madonna di Monte Berico / Vincenzo / Gaetano
89%
Diocesi di Susa Madonna di Rocciamelone / Giusto di Novalesa / Mauro
89%
Diocesi di Albenga-Imperia Michele arcangelo / Madonna di Pontelungo
89%
Diocesi di Castellaneta Nicola di Bari / Francesco di Paola
89%
Puglia Arcidiocesi di Bari-Bitonto Nicola di Bari / Madonna Odegitria / Sabino / Immacolata Concezione
89%
Emilia-Romagna Arcidiocesi di Bologna Petronio / Madonna di San Luca
89%
Diocesi di Ischia Restituta / Giovan Giuseppe della Croce
89%
Diocesi di Sora-Cassino-Aquino-Pontecorvo* Restituta / Tommaso d'Aquino / Giovanni Battista
89%
Diocesi di Verona Zeno / Pietro da Verona / Fermo / Rustico
89%
Sede suburbicaria di Palestrina Agapito / Madonna del Buon Consiglio
88%
Arcidiocesi di Siena-Colle Val d'Elsa-Montalcino Ansano / Madonna del Soccorso / Marziale
88%
Diocesi di Ozieri Antioco / Madonna del Regno
88%
Arcidiocesi di Oristano Archelao / Madonna del Rimedio
88%
Arcidiocesi di Sassari Gavino / Proto / Gianuario / Madonna delle Grazie
88%
Diocesi di Fabriano-Matelica | Diocesi di Locri-Gerace | Diocesi di Ragusa Giovanni Battista
88%
Diocesi di San Benedetto del Tronto-Ripatransone-Montalto Gregorio I papa / Margherita / Madonna Assunta
88%
Diocesi di Grosseto Lorenzo / Madonna delle Grazie
88%
Abbazia territoriale di Monte Oliveto Maggiore* Madonna
88%
Diocesi di Civita Castellana* Madonna ad Rupes
88%
Diocesi di Sessa Aurunca Madonna Avvocata del Popolo / Casto / Secondino / Leone IX papa
88%
Diocesi di Teano-Calvi Madonna dei Lattani / Paride / Casto
88%
Diocesi di Forlì-Bertinoro Madonna del Fuoco / Madonna del Lago / Mercuriale / Rufillo
88%
Arcidiocesi di Fermo Madonna della Bruna
88%
Arcidiocesi di Matera-Irsina Madonna della Bruna / Eustachio / Eufemia di Calcedonia
88%
Diocesi di Conversano-Monopoli Madonna della Fonte / Madonna della Madia
88%
Diocesi di Pescia Madonna della Fontenuova / Allucio
88%
Diocesi di Macerata | Diocesi di Savona-Noli Madonna della Misericordia
88%
Diocesi di Nuoro Madonna della Neve
88%
Diocesi di Rimini Madonna della Pietà / Gaudenzio
88%
Diocesi di Alessandria Madonna della Salve / Baudolino / Pio V papa
88%
Diocesi di Senigallia Madonna della Speranza / Paolino di Nola
88%
Diocesi di Ascoli Piceno Madonna delle Grazie / Emidio
88%
Diocesi di Faenza-Modigliana Madonna delle Grazie / Pier Damiani
88%
Arcidiocesi di Pesaro Madonna delle Grazie / Terenzio
88%
Diocesi di Piazza Armerina Madonna delle Vittorie / Gaetano
88%
Diocesi di Chiavari Madonna dell'Orto / Madonna di Montallagro
88%
Prelatura territoriale di Pompei Madonna del Rosario
88%
Diocesi di San Severo Madonna del Soccorso / Severino / Severo
88%
Diocesi di Tursi-Lagonegro Madonna di Anglona
88%
Arcidiocesi di Crotone-Santa Severina Madonna di Capo Colonna
88%
Diocesi di Cefalù Madonna di Gibilmanna
88%
Prelatura territoriale di Loreto Natività della Madonna
88%
Diocesi di Cremona Omobono / Madonna del Fonte
88%
Diocesi di Mazara del Vallo Vito / Madonna del Paradiso
88%
Diocesi di Imola Cassiano / Pietro Crisologo
86%
Diocesi di Teggiano-Policastro Cono / Pietro Pappacarbone
86%
Diocesi di Pitigliano-Sovana-Orbetello Mamiliano / Gregorio VII papa / Paolo della Croce
86%
Diocesi di Cerignola-Ascoli Satriano Pietro apostolo / Potito
86%
Liguria Arcidiocesi di Genova Giovanni Battista
85%
Diocesi di Civitavecchia-Tarquinia* Francesco d'Assisi
84%
Diocesi di Massa Carrara-Pontremoli Francesco Fogolla
84%
Arcidiocesi di Otranto Francesco Neri / martiri di Otranto
84%
Lombardia Arcidiocesi di Milano Ambrogio / Carlo Borromeo / Galdino
82%
Arcidiocesi di Manfredonia-Vieste-San Giovanni Rotondo Michele arcangelo / Lorenzo Maiorano / Giorgio / Pio da Pietralcina
82%
Diocesi di Mantova Anselmo di Lucca / Andrea apostolo / Luigi Gonzaga / Pio X papa
81%
Diocesi di Molfetta-Ruvo-Giovinazzo-Terlizzi Corrado di Baviera / Biagio / Tommaso apostolo / Michele arcangelo
79%
Triveneto Diocesi di San Marco Argentano-Scalea | Patriarcato di Venezia Marco evangelista
78%
Arcidiocesi di Salerno-Campagna-Acerno Matteo apostolo / Antonino di Sorrento / Donato d'Arezzo
77%
Sede suburbicaria di Albano Pancrazio / Senatore / Maria Goretti
74%
Arcidiocesi di Trani-Barletta-Bisceglie Nicola pellegrino / Ruggero di Canne / Mauro / Sergio / Pantaleone
73%
Sede suburbicaria di Frascati Filippo apostolo / Giacomo apostolo
70%
Arcidiocesi di Sorrento-Castellammare di Stabia Antonio di Sorrento / Catello
68%
Diocesi di Tempio-Ampurias Simplicio / Antonio abate
68%
Diocesi di Orvieto-Todi* Giuseppe / Fortunato
67%
Diocesi di Nocera Inferiore-Sarno Prisco di Nocera / Michele arcangelo / Alfonso Maria de' Liguori
67%
Arcidiocesi di Amalfi-Cava de' Tirreni Andrea apostolo / Adiutore
66%
Arcidiocesi di Napoli Aspreno / Gennaro
66%
Diocesi di Nardò-Gallipoli Gregorio Illuminatore / Agata
66%
Diocesi di Altamura-Gravina-Acquaviva delle Fonti Irene / Michele arcangelo / Eustachio
64%
Diocesi di Nicosia | Eparchia di Lungro* Nicola di Bari
64%
Diocesi di Ariano Irpino-Lacedonia Ottone Frangipane / Nicola di Bari
64%
Arcidiocesi di Capua Stefano Protomartire / Roberto Bellarmino
64%
Arcidiocesi di Urbino-Urbania-San'Angelo in Vado Crescentino / Cristoforo / Michele arcangelo
63%
Arcidiocesi di Chieti-Vasto Giustino / Michele arcangelo
63%
Diocesi di Caltanissetta | Diocesi di Caserta Michele arcangelo
63%
Diocesi di Alife-Caiazzo Sisto I papa / Stefano Minicillo / Ferdinando d'Aragona
63%
Diocesi di Caltagirone | Diocesi di Pistoia Giacomo apostolo
60%
Diocesi di Alba | Diocesi di Tivoli* Lorenzo
60%
Diocesi di Bergamo Alessandro
59%
Diocesi di Treviso Liberale / Pio X papa
59%
Arcidiocesi di Catania Agata
58%
Abbazia territoriale di Montecassino* | Abbazia territoriale di Subiaco* Benedetto da Norcia
58%
Arcidiocesi di Spoleto-Norcia* Ponziano / Benedetto da Norcia
58%
Diocesi di Concordia-Pordenone Stefano Protomartire / martiri concordiesi
58%
Arcidiocesi di Benevento | Arcidiocesi di Campobasso-Boiano | Diocesi di Patti Bartolomeo apostolo
56%
Arcidiocesi di Rossano-Cariati Nilo da Rossano / Bartolomeo il giovane
56%
Diocesi di Biella | Diocesi di Prato Stefano Protomartire
56%
Diocesi di San Marino-Montefeltro Marino / Leo
52%
Diocesi di Lodi Bassiano / Alberto Quadrelli
48%
Arcidiocesi di Lecce Oronzo / Fortunato / Giusto
48%
Diocesi di Livorno Giulia
44%
Diocesi di Pavia Siro / Agostino
44%
Diocesi di Volterra Lino papa / Leone I papa
41%
Diocesi di Ugento-Santa Maria di Leuca Vincenzo di Saragozza
41%
Diocesi di Trieste Giusto
40%
Sede suburbicaria di Velletri-Segni Clemente I papa / Bruno
38%
Diocesi di Terni-Narni-Amelia* Valentino / Giovenale / Fermina
38%
Sede suburbicaria di Ostia Agostino
37%
Diocesi di Rieti* Barbara / Felice
34%
Sicilia Arcidiocesi di Agrigento Gerlando / Alfonso Maria de' Liguori / Vittoria
34%
Diocesi di Belluno-Feltre Martino / Vittore / Corona
34%
Diocesi di Mondovì | Diocesi di Pinerolo Donato
33%
Diocesi di Nola Felice / Paolino
33%
Sede suburbicaria di Sabina-Poggio Mirteto Gaetano Thiene
33%
Abruzzo-Molise Arcidiocesi dell'Aquila Massimo d'Aveia/ Equizio / Pietro Celestino papa / Bernardino da Siena
33%
Diocesi di Chioggia Felice / Fortunato
32%
Diocesi di Anagni-Alatri* Sisto I papa
32%
Arcidiocesi di Pescara-Penne Catteo di Amiterno / Massimo d'Aveia
30%
Diocesi di Trivento Nazario / Celso / Vittore I papa / Casto di Trivento
29%
Diocesi di Acerra Alfonso Maria de' Liguori
27%
Diocesi di Fano-Fossombrone-Cagli-Pergola Paterniano / Aldebrando / Geronzio / Secondo
26%
Diocesi di Parma Bernardo degli Uberti
25%
Diocesi di Cassano all'Jonio | Diocesi di Melfi-Rapolla-Venosa Biagio
25%
Diocesi di San Miniato Genesio / Miniato
25%
Diocesi di Acqui Guido
25%
Diocesi di Piacenza-Bobbio Antonino / Giustina / Colombano
23%
Diocesi di Novara Gaudenzio
23%
Arcidiocesi di Brindisi-Ostuni Leucio
23%
Diocesi di Asti | Diocesi di Ventimiglia-San Remo Secondo
23%
Arcidiocesi di Gorizia | Arcidiocesi di Udine Ermagora / Fortunato
22%
Diocesi di Assisi-Nocera Umbra-Gualdo Tadino Rufino / Rinaldo / Angelo da Gualdo
22%
Arcidiocesi di Camerino-San Severino Marche Venanzio / Severino
22%
Diocesi di Brescia Faustino / Giovita
21%
Arcidiocesi di Lucca* Paolino / Frediano
21%
Arcidiocesi di Pisa Ranieri
19%
Diocesi di Iglesias Antioco
18%
Diocesi di Saluzzo Chiaffredo / Costanzo
18%
Diocesi di Andria Riccardo
18%
Diocesi di Bolzano-Bressanone Cassiano / Vigilio
16%
Arcidiocesi di Sant'Angelo dei Lombardi-Conza-Nusco-Bisaccia Antonino
15%
Abbazia territoriale di Montevergine Guglielmo
15%
Sede suburbicaria di Porto-Santa Rufina Ippolito / Rufina / Seconda
15%
Diocesi di Vittorio Veneto Tiziano
15%
Diocesi di Gubbio Ubaldo
15%
Toscana Arcidiocesi di Firenze Zanobi / Antonino Pierozzi
15%
Diocesi di Como Abbondio
14%
Marche Arcidiocesi di Ancona-Osimo Ciriaco
14%
Umbria Arcidiocesi di Perugia-Città della Pieve Costanzo / Ercolano
14%
Arcidiocesi di Vercelli Eusebio
14%
Basilicata Arcidiocesi di Potenza-Muro Lucano-Marsico Nuovo Gerardo la Porta / Gianuario / Gerardo Maiella
14%
Diocesi di Aosta Grato
14%
Diocesi di Avezzano Sabina
14%
Arcidiocesi di Trento Vigilio
12%
Diocesi di Carpi Bernardino da Siena / Bernardino Realino
11%
Arcidiocesi di Taranto Cataldo
11%
Diocesi di Reggio Emilia-Guastalla Crisante / Daria / Prospero
11%
Diocesi di Crema Pantaleone
11%
Diocesi di Vallo della Lucania Pantaleone / Costabile
11%
Diocesi di Acireale Venera
11%
Diocesi di Adria-Rovigo Bellino di Padova
10%
Diocesi di Tortona Marziano
10%
Abbazia territoriale di Santa Maria di Grottaferrata* Nilo da Rossano
10%
Diocesi di Fiesole Romolo
10%
Diocesi di Ivrea Savino
10%
Diocesi di Jesi Settimio
10%
Diocesi della Spezia-Sarzana-Brugnato Venerio
10%
Eparchia di Piana degli Albanesi* Demetrio
8%
Sardegna Arcidiocesi di Cagliari Efisio
8%
Arcidiocesi di Modena-Nonantola Geminiano
8%
Diocesi di Avellino Modestino / Fiorentino / Flaviano
8%
Diocesi di Isernia-Venafro Nicandro / Marciano / Daria
8%
Diocesi di Tricarico Potito
8%
Diocesi di Casale Monferrato Evasio
7%
Calabria Arcidiocesi di Catanzaro-Squillace Vitaliano / Agazio
7%
Diocesi di Teramo-Atri Berardo / Reparata
5%
Arcidiocesi di Monreale Castrense
5%
Diocesi di Fidenza Donnino
5%
Diocesi di Gaeta* Erasmo / Marciano
5%
Diocesi di Città di Castello Florido / Amanzio
5%
Arcidiocesi di Siracusa Marciano
4%
Diocesi di Padova Prosdocimo
4%
Diocesi di Oria Barsanofio
3%
Arcidiocesi di Acerenza Canio di Atella
3%
Diocesi di Massa Marittima-Piombino Cerbone
3%
Diocesi di Sulmona-Valva Panfilo di Sulmona / Pelino di Brindisi
3%
Diocesi di Termoli-Larino Pardo / Basso
3%
Diocesi di Pozzuoli Procolo
3%
Abbazia territoriale della Santissima Trinità di Cava de' Tirreni Alferio
1%
Diocesi di Lucera-Troia Pardo
1%
Nessun quiz corrispondente trovato
Distribuzione punteggi
Percentuale di utenti per punteggio
Percentile per numero di risposta
I tuoi punteggi nel tempo
Non hai fatto questo quiz